<?xml version="1.0" encoding="UTF-8"?>
<collection xmlns="http://www.loc.gov/MARC21/slim">
 <record>
  <leader>00404pamaa2200145   4500</leader>
  <controlfield tag="001">0000028868</controlfield>
  <controlfield tag="005">20131031090000.0</controlfield>
  <datafield tag="020" ind1="0" ind2="0">
   <subfield code="a">020187699X </subfield>
  </datafield>
  <datafield tag="082" ind1=" " ind2=" ">
   <subfield code="a">330 ATK</subfield>
  </datafield>
  <datafield tag="090" ind1="0" ind2="0">
   <subfield code="a">HB171.5 </subfield>
   <subfield code="b">ATK 1995</subfield>
  </datafield>
  <datafield tag="100" ind1="1" ind2="0">
   <subfield code="a">ATKINSON </subfield>
  </datafield>
  <datafield tag="245" ind1="1" ind2="0">
   <subfield code="a">Economics in the news : </subfield>
   <subfield code="b">based on articles from the 'Economist'  </subfield>
   <subfield code="c">Brian Atkinson..</subfield>
  </datafield>
  <datafield tag="260" ind1="0" ind2="0">
   <subfield code="a">Wokingham: </subfield>
   <subfield code="b">Addison-Wesley, </subfield>
   <subfield code="c">1995.</subfield>
  </datafield>
  <datafield tag="300" ind1=" " ind2=" ">
   <subfield code="a">v, 78p.; </subfield>
   <subfield code="c">24cm.</subfield>
  </datafield>
  <datafield tag="650" ind1="0" ind2="0">
   <subfield code="a">Economic </subfield>
  </datafield>
 </record>
</collection>
